Information security management handbook / (Record no. 56449)

MARC details
000 -LEADER
fixed length control field 00752 a2200205 4500
008 - FIXED-LENGTH DATA ELEMENTS--GENERAL INFORMATION
fixed length control field 210706b ||||| |||| 00| 0 eng d
020 ## - INTERNATIONAL STANDARD BOOK NUMBER
International Standard Book Number 9781466567498
050 ## - LIBRARY OF CONGRESS CALL NUMBER
Classification number QA76.9.A25
Item number I54 2014
245 ## - TITLE STATEMENT
Title Information security management handbook /
Statement of responsibility, etc edited by Richard O'Hanley & James S. Tiller
Medium vol. 7
250 ## - EDITION STATEMENT
Edition statement 6th ed.
260 ## - PUBLICATION, DISTRIBUTION, ETC. (IMPRINT)
Name of publisher, distributor, etc CRC Press Taylor & Francis
Date of publication, distribution, etc 2014.
Place of publication, distribution, etc Boca Raton, Fla. :
-- London :
300 ## - PHYSICAL DESCRIPTION
Extent xiv, 420p. :
Other physical details ill. ;
Dimensions 26 cm.
440 ## - SERIES STATEMENT/ADDED ENTRY--TITLE
Title Information Security books from Auerbach series
Volume number/sequential designation vol. 7
500 ## - GENERAL NOTE
General note Includes bibliographical references and index <br/>
650 ## - SUBJECT ADDED ENTRY--TOPICAL TERM
Topical term or geographic name as entry element Computer security
General subdivision Management
650 ## - SUBJECT ADDED ENTRY--TOPICAL TERM
Topical term or geographic name as entry element Data protection
700 ## - ADDED ENTRY--PERSONAL NAME
Personal name O'Hanley, Richard
700 ## - ADDED ENTRY--PERSONAL NAME
Personal name Tiller, James S.
942 ## - ADDED ENTRY ELEMENTS (KOHA)
Item type Book
Source of classification or shelving scheme Library of Congress Classification
Holdings
Withdrawn status Lost status Source of classification or shelving scheme Damaged status Not for loan Collection code Home library Current library Shelving location Date acquired Source of acquisition Cost, normal purchase price Full call number Barcode Copy number Price effective from Koha item type Total Checkouts Date last seen Date last borrowed
    Library of Congress Classification     Non-fiction Bishop Okullu Memorial Library (Limuru Campus) Bishop Okullu Memorial Library (Limuru Campus) General Circulation 06/07/2021 PURCHASE 16048.00 QA76.9.A25 I54 2014 065957 1 06/07/2021 Book      
    Library of Congress Classification     Non-fiction Bishop Okullu Memorial Library (Limuru Campus) Bishop Okullu Memorial Library (Limuru Campus) General Circulation 06/07/2021 PURCHASE 16048.00 QA76.9.A25 I54 2014 065958 2 06/07/2021 Book 1 06/06/2023 23/05/2023
    Library of Congress Classification     Non-fiction Bishop Okullu Memorial Library (Limuru Campus) Bishop Okullu Memorial Library (Limuru Campus) General Circulation 06/07/2021 PURCHASE 16048.00 QA76.9.A25 I54 2014 065959 3 06/07/2021 Book